[Event "ESP-chT CECLUB Honor"]
[Site "Linares"]
[Date "2017.08.14"]
[Round "3.4"]
[White "Adhiban, Baskaran"]
[Black "Erdos, Viktor"]
[Result "1-0"]
[WhiteElo "2677"]
[BlackElo "2614"]
[Annotator "Adhiban,Baskaran"]
[PlyCount "109"]
[EventDate "2017.08.14"]
[EventType "team-tourn"]
[EventRounds "7"]
[EventCountry "ESP"]
[SourceTitle "CBM 181"]
[Source "ChessBase"]
[SourceDate "2017.11.10"]
[SourceVersion "1"]
[SourceVersionDate "2017.11.10"]
[SourceQuality "1"]
[WhiteTeam "Solvay CA"]
[BlackTeam "Beniajan Duochess CAC"]
[WhiteTeamCountry "ESP"]
[BlackTeamCountry "ESP"]

1. d4 d5 2. c4 e6 3. Nc3 Nf6 ({During the world cup Erdos later on switched to} 3... a6 {and drew comfortably with} 4. cxd5 exd5 5. Qb3 c6 6. e4 dxe4 7. Bc4 Qe7 8. a4 Nf6 9. Nge2 g6 10. O-O Bg7 11. Ng3 O-O 12. Re1 b5 13. axb5 cxb5 14. Bxb5 Qb7 15. Ba4 Qxb3 16. Bxb3 Nc6 17. Rd1 Bg4 18. Nge2 {½-½ (18) Svidler,P (2751)-Erdos,V (2628) Tbilisi GEO 2017}) 4. cxd5 (4. Bg5 Be7 5. cxd5 Nxd5 6. Bxe7 Qxe7 7. e4 Nxc3 8. bxc3 {I felt Black had a better version than the usual Semi-Tarrasch, I think Kramnik would be very happy with Black here due to the extra move ...e7 and the fact that the white queen is on d1!}) 4... exd5 5. Bg5 c6 6. e3 Nbd7 ({In the topical line} 6... Bf5 7. Qf3 {there are now two major deviations and for each of them there is a specific masterpiece!} Bg6 (7... Be6 8. Bxf6 Qxf6 9. Qxf6 gxf6 10. Bd3 Nd7 11. Nge2 Nb6 12. Nf4 Nc8 13. f3 h5 14. h4 Bd6 15. Nce2 Bd7 16. Kf2 Ne7 17. Ng3 Bxf4 18. exf4 O-O-O 19. Rhe1 Rde8 20. Re3 Kd8 21. Rae1 a6 22. b4 Nc8 23. Rxe8+ Bxe8 24. a4 Bd7 25. a5 Nd6 26. f5 Bc8 27. Re2 Kc7 28. Ke3 b6 29. axb6+ Kxb6 30. Kf4 a5 31. bxa5+ Kxa5 32. Re7 Rg8 33. Nxh5 Rxg2 34. Nxf6 Rd2 35. Re3 Nc4 36. Bxc4 dxc4 37. h5 Kb4 38. h6 Rh2 39. h7 c3 40. Kg5 c2 41. Re1 Kb3 42. Rc1 Bd7 43. Nh5 f6+ 44. Nxf6 Be8 45. Nxe8 Rxh7 46. f6 Kb2 47. Rxc2+ Kxc2 48. Kg6 Rh3 49. f4 Rg3+ 50. Kf5 Rg8 51. f7 Rf8 52. Kg6 Kd3 53. Kg7 Rxf7+ 54. Kxf7 {1-0 (54) Giri,A (2762)-Zvjaginsev,V (2643) Antalya TUR 2017}) 8. Bxf6 Qxf6 9. Qxf6 gxf6 10. Nf3 Nd7 11. Nh4 Be7 12. Ne2 $1 Nb6 13. Ng3 Bb4+ 14. Kd1 Na4 15. Ngf5 Kd7 16. Rb1 Ke6 17. Bd3 Rhc8 18. Ke2 Bf8 19. g4 c5 20. Ng2 cxd4 21. exd4 Bd6 22. h4 h5 23. Ng7+ Ke7 24. gxh5 Bxd3+ 25. Kxd3 Kd7 26. Ne3 Nb6 27. Ng4 Rh8 28. Rhe1 Be7 29. Nf5 Bd8 30. h6 Rc8 31. b3 Rc6 32. Nge3 Bc7 33. Rbc1 Rxc1 34. Rxc1 Bf4 35. Rc5 Ke6 36. Ng7+ Kd6 37. Ng4 Nd7 38. Rc2 f5 39. Nxf5+ Ke6 40. Ng7+ Kd6 41. Re2 Kc6 42. Re8 Rxe8 43. Nxe8 Nf8 44. Ne5+ Bxe5 45. dxe5 Kd7 46. Nf6+ Ke6 47. h5 Kxe5 48. Nd7+ Nxd7 49. h7 Nc5+ 50. Ke2 {1-0 (50) Carlsen,M (2851)-Kramnik,V (2801) Stavanger 2016}) 7. Bd3 Be7 8. Nf3 h6 (8... Ne4 9. Bxe4 Bxg5 10. Bd3 {and White will continue with his plan of the minority attack.}) ({My major source of inspiration was from} 8... O-O 9. O-O Nh5 10. Bxe7 Qxe7 11. Qb1 $1 {1-0 Kramnik,V (2730)-Timman,J (2590) Belgrade Investbank 1995 (1)}) 9. Bh4 {I just wanted to aim for principled lines.} Nh5 (9... Ne4 10. Bxe4 ({Hence White is better off playing} 10. Bxe7 Qxe7 11. Qc2 {with a slight pull.}) 10... dxe4 11. Nxe4 $1 Bxh4 12. Nd6+ Kf8 (12... Ke7 13. Nf5+) 13. Qb3 {was an amazing line found by my opponent and was the reason why he decided to stick to h5.} Qf6 ({The refutation of this line is} 13... Qe7 14. Nf5 Nc5 $1 {pointed out by the computer}) 14. Nxc8 Rxc8 15. Qxb7 Rd8 (15... Nb6 16. Qxa7 Nd5 17. Qb7) 16. Rc1 {[%csl Rc6] and Black's pieces are very misplaced and discoordinated especially the h4-bishop.}) 10. Bxe7 Qxe7 11. O-O Nhf6 (11... O-O {[%csl Yh5] was more natural, but Erdos joked that he doesn't like to leave pieces hanging.}) ({RR} 11... O-O 12. Qc2 Nhf6 13. Rab1 a5 14. a3 Re8 15. Rfc1 Ne4 16. Bxe4 dxe4 17. Nd2 Nf6 18. b4 axb4 19. axb4 Bf5 20. Na4 h5 21. Nb6 Ra6 22. Qc5 Qe6 23. b5 Ra2 24. Nf1 Ng4 25. bxc6 bxc6 26. Rc2 {Omelja,A (2515)-Svane,R (2648) Chess.com INT 2022 0-1 (37)}) ({RR} 11... O-O 12. Rb1 a5 13. a3 Nhf6 14. b4 axb4 15. axb4 Nb6 16. b5 c5 17. dxc5 Qxc5 18. Ne2 Bd7 19. Ned4 Ne4 20. Bxe4 dxe4 21. Nd2 Rfe8 22. Qb3 Ra3 23. Qb2 Na4 24. Qb4 Qxb4 25. Rxb4 Nc5 26. Nc4 {Begunov,K (2325)-Vo Hoang Quan (2063) chess.com INT 2026 1-0 (44)}) 12. Qb1 $146 {Now I am able to get in b4 in time, as he has not castled yet.} ({RR} 12. Rb1 a5 13. a3 O-O 14. Qc2 Re8 15. Nd2 b5 16. Ne2 Bb7 17. Ng3 Nb6 18. Nb3 Nfd7 19. Nf5 Qf6 20. Rfc1 Nc4 21. Qc3 a4 22. Nd2 Ndb6 23. Nf1 Bc8 24. N5g3 Be6 25. Bc2 Rad8 26. Re1 Nc8 {Jaeel,A (2130)-Kanyamarala,T (1856) Ahmedabad 2018 ½-½ (50)}) ({RR} 12. Rb1 a5 13. a3 O-O 14. b4 axb4 15. axb4 b5 16. Re1 Ne4 17. Qc2 f5 18. Ne2 Ra3 19. Nf4 Rf6 20. Nxd5 Rd6 21. Nxe7+ {1-0 (21) Chitlange,S (2167)-Josse,M (2235) Chess.com INT 2020}) 12... a5 13. a3 O-O 14. b4 axb4 (14... Re8 {was maybe better.} 15. Rc1 $5 {I will continue playing without b5 and only play it after careful preparation or after the knight leaves d7.} (15. b5 c5 {should be fine.} (15... Ne4 16. bxc6 $5 bxc6 17. Qc2 $14) 16. b6 c4 17. Bf5 (17. Bc2 Ra6) 17... Nxb6 $1)) 15. Qxb4 {This idea of taking back with the queen was missed by Erdos.} Re8 16. Rfc1 $5 {I decided to wait for one more move before taking on e7.} ({Another option was} 16. Qxe7 Rxe7 17. Rfc1) (16. Rfb1 {then the a1-rook might feel misplaced.}) 16... Qxb4 $6 {And it proved to be a good decision.} (16... b6 17. Qxe7 Rxe7 18. a4 Ba6 19. Bf5 $1 {[%cal Gf3d2,Ga4a5] with a commanding endgame.} g6 20. Bxd7 Nxd7 21. a5 $16) 17. axb4 Rxa1 18. Rxa1 Kf8 19. Nd2 {[%cal Gd2b3,Gb4b5]} ({It is still too early for} 19. b5 c5) 19... Ke7 20. f3 $1 {Now he always has to worry about e4 which is a very serious threat.} Nf8 21. Nb3 (21. b5 Ne6 {would lead to the game.}) 21... Ne6 22. b5 Kd8 23. Kf2 {Do not hurry!} Re7 24. Ra7 cxb5 (24... Rc7 25. b6 Re7 26. Bf5 $1 {[%cal Rf5e6,Rc3a4,Rb3c5] followed by penetration on the c5-square.}) 25. Nxb5 b6 26. Ra3 $1 {The best place at the moment as it helps me to completely control the c-file.} Nc7 27. Nc3 (27. Nd6 Bd7 {doesn't achieve anything.}) 27... Bb7 28. Nc1 $1 {The knight will go to b4 where it will occupy a commanding post restricting Black's pieces.} g6 29. N1a2 Re6 30. g4 $5 {The principle of creating two weaknesses!} Kc8 31. Nb4 Kb8 32. h3 {I decided to keep the option of preparing e4 and hence protected g4 for that reason.} Rd6 33. h4 {To hell with that plan :), let's continue gaining space on the kingside.} (33. Ra4 {[%cal Ge3e4,Gb6b5] is a funny way to prepare e4 but doesn't work due to the counter-blow with b5.}) 33... Ng8 34. g5 $1 {Fixing the pawn structure favourably.} hxg5 (34... h5 {might be possible but then Black's pawn structure on the kingside is seriously compromised.} 35. Nc2 $5 {[%cal Ge3e4] followed by e4.} ({Another option would be} 35. Nb5 Nxb5 36. Bxb5 Ne7 {[%cal Re7f5]} 37. Rc3 {[%cal Rb5e8,Gb4d3,Gd3e5]} (37. Nd3 {[%cal Gd3e5]}))) 35. hxg5 Ne7 36. Ra1 Nc6 37. Nca2 $5 {Maintaining the control.} Ne6 38. f4 Ned8 39. Rh1 Nxb4 40. Nxb4 Nc6 41. Rh8+ $1 {It is good to provoke the king into the open as then it would give rise to various tactical ideas.} (41. Na2 Bc8 $1 {[%cal Gc8e6] It is very important that I don't allow him to achieve c8-e6 which might just hold the position together.}) 41... Kc7 (41... Ka7 $5 42. Na2 {[%cal Ga2c3]} (42. Nxc6+ Bxc6 43. Rh7 Rd7 44. f5 gxf5 45. Bxf5 Rb7 {is barely holding.}) 42... Ba6 {was maybe a better try.}) 42. Na2 $1 {[%cal Ga2c3]} Kd7 (42... Rd8 43. Rh7 Rd7 44. Nc3 Na7 45. f5 gxf5 46. Bxf5 Re7 47. g6 {wins.}) (42... Bc8 43. Nc3 {is hopeless.}) 43. Bb5 (43. Nc3 Ke7 44. Bb5 {was my original intention, but I noticed that Black can escape with} Rd8 $1 (44... Rd7 45. e4 $1) 45. Rxd8 Nxd8 {[%cal Gb7d5]} 46. Na4 {should also win eventually.}) 43... Ke7 $6 {It was already very difficult, but this hastens the end...} (43... Kc7 44. Rf8 Nd8 (44... Rd7 45. Nb4 $1) 45. Be8 {winning the f7-pawn.}) 44. Nb4 $1 Ke6 (44... Rd8 45. Nxc6+ Bxc6 46. Rxd8 {winning.}) 45. e4 $1 {The strongest!} ({Also strong was} 45. Re8+ Ne7 46. f5+ gxf5 {Here I only considered} 47. Nd3 ({But} 47. Kf3 {wins on the spot as Black is in zugzwang!}) 47... Bc6 $1) 45... dxe4 (45... Nxb4 46. Re8#) 46. d5+ Rxd5 47. Nxc6 $1 {Once again the strongest! Black is almost in zugzwang.} (47. Nxd5 Kxd5) (47. Bxc6 Bxc6 48. Nxc6 f6 49. gxf6 g5 $5 {was the idea of Erdos, trying to liquidate the pawns but the computer is not impressed but shows that White can win after} 50. Rf8 gxf4 51. f7 {winning the rook or queening.}) 47... Kd6 48. Rd8+ Kc5 49. Rxd5+ Kxd5 50. Nd8 Bc8 51. Ke3 {Leaving him no hope!} (51. Nxf7 Kd4 52. Nd6 Be6 53. Be8) 51... Kc5 (51... Bf5 52. Nxf7) 52. Nxf7 $1 Be6 (52... Bf5 53. Be8 b5 54. Bxb5 $1 {Of course!}) (52... Kxb5 53. Nd6+ Kc5 54. Nxc8 b5 55. f5 Kd5 (55... b4 56. f6) 56. fxg6 Ke6 57. Kxe4 b4 58. Nb6) 53. Be8 b5 54. Ne5 b4 55. Bxg6 {One of my best positional grinds in recent times in the style of Iron Tigran!} 1-0

[Event "Ubeda"]
[Site "Ubeda"]
[Date "1997.02.20"]
[Round "11"]
[White "Illescas Cordoba, Miguel"]
[Black "Bareev, Evgeny"]
[Result "1/2-1/2"]
[WhiteElo "2635"]
[BlackElo "2665"]
[Annotator "Tsesarsky,Ilya"]
[PlyCount "84"]
[EventDate "1997.02.07"]
[EventType "tourn"]
[EventRounds "11"]
[EventCountry "ESP"]
[EventCategory "16"]
[SourceTitle "CBM 058"]
[Source "ChessBase"]
[SourceDate "1997.06.01"]
[SourceVersion "1"]
[SourceVersionDate "1997.06.01"]
[SourceQuality "1"]

1. Nf3 d5 2. c4 c6 3. d4 Nf6 4. Nc3 e6 5. cxd5 exd5 6. Bg5 h6 7. Bh4 Bf5 8. e3 Nbd7 9. Bd3 Bxd3 10. Qxd3 Bd6 (10... Be7 11. O-O-O (11. O-O O-O 12. a3 (12. Rab1 a5 13. Qc2 Ne8 14. Bxe7 Qxe7 15. Na4 Nd6 $11 {Arkell,K-Maksimenko,A/Copenhagen op 1994/0-1 (85)}) (12. h3 Ne8 13. Bxe7 Qxe7 14. a3 Nd6 15. b4 a6 16. Na4 Nc4 17. Nc5 b5 $11 {0-1 Georges,S-Simon,R/Zuerich op 1990 (38)}) 12... a5 13. Qc2 Ne8 14. Bxe7 Qxe7 15. Rab1 Nd6 16. Nd2 f5 17. b4 axb4 18. axb4 b5 $11 {0-1 Ratzmann,I-Kohlweyer,B/Nuernberg Weilburg op 1996 (31)}) 11... O-O 12. Bxf6 Nxf6 13. Rhg1 Bb4 14. Kb1 Re8 15. g4 Bxc3 16. Qxc3 Ne4 17. Qe1 Rc8 18. h4 Qf6 19. Qe2 c5 $11 {0-1 Hochgraefe,M-Bagirov,V/BL2-N 1996 (39)}) 11. O-O-O (11. O-O O-O 12. Rab1 Qe7 (12... a5 13. Ne2 Re8 (13... Qe7 14. Bg3 Ne4 15. Bxd6 Qxd6 $11 {0-1 Mertanen,J-Volzhin,A/Jyvaskyla op 1994 (47)}) 14. Qc2 Qb6 15. Bg3 Ne4 16. Bxd6 Nxd6 $11 17. Nf4 Re7 18. Rbc1 Rae8 19. Nd3 Ne4 20. Nd2 Nd6 21. Nf3 Ne4 22. Nd2 {½-½ Mai,I-Mueller,M/BL2-O 1996}) 13. Rfe1 Qe6 14. Nd2 Rfe8 15. f3 Nf8 16. e4 dxe4 17. fxe4 Ng6 18. Bxf6 gxf6 19. Qf3 Rad8 20. Nf1 Bc7 21. d5 Qe5 22. Ng3 Nh4 23. Qg4+ Qg5 24. Qh3 Ng6 25. Nf5 Nf4 26. Qg4 h5 $15 {0-1 Burmakin,V-Giorgadze,G/Russia Cup GP 1997 (49)}) (11. a3 a5 12. Ne2 O-O 13. O-O Re8 14. Rfc1 Ra6 15. Rc2 Qb8 16. Bg3 Ne4 17. Bxd6 Nxd6 18. Nd2 a4 $11 {Landa,K-Bareev,E/Open 1996/0-1 (61)}) ({RR} 11. O-O) ({RR} 11. O-O O-O 12. Rfe1 Re8 13. e4 dxe4 14. Nxe4 Be7 15. Nxf6+ Nxf6 16. Qf5 Qc8 17. Qd3 Qd7 18. Re5 Nd5 19. Bxe7 Rxe7 20. Rae1 Rxe5 21. dxe5 Rd8 22. Qd4 a6 23. Rd1 Qf5 24. h3 Rd7 25. Qa7 Kh7 {Kornienko,K (2403)-Dubov,D (2654) Baku AZE 2026 0-1 (76)}) ({RR} 11. a3 a5 12. Ne2 O-O 13. O-O Re8 14. Rfc1 Ra6 15. Rc2 Qb8 16. Bg3 Ne4 17. Bxd6 Nxd6 18. Nd2 a4 19. Rac1 Ra8 20. Nf4 Nf6 21. Qe2 Qa7 22. Qf3 Qa6 23. Nf1 Qa5 24. Ng3 Qd8 25. Nfh5 Nh7 {Landa,K (2570)-Bareev,E (2655) Vienna 1996 0-1 (61)}) 11... Bb4 (11... Qa5 12. Kb1 O-O-O 13. Bxf6 Nxf6 14. Nd2 Rhe8 15. f3 Qc7 16. e4 dxe4 17. fxe4 Bb4 18. e5 Ng4 19. Rhf1 Qxe5 $17 {0-1 Steinbacher,M-Novikov,I/Bern op 1993 (39)}) 12. Nd2 O-O $146 ({RR} 12... Qb6 13. e4 O-O 14. e5 Bxc3 15. bxc3 Nh7 16. Qc2 c5 17. Qb2 cxd4 18. cxd4 Qg6 19. Qb3 Rfc8+ 20. Kb2 Nb6 21. Rc1 Qg4 22. Nf3 Nc4+ 23. Ka1 b6 24. h3 Qd7 25. g4 Nf8 26. Bg3 a5 27. Bf4 {Polyakov,F (2086)-Kolasa,P (1936) Riga 2017 1-0 (49)}) 13. Kb1 Re8 14. Rc1 Nf8 15. f3 (15. Qf5 Qd7 16. Qf3 Be7 17. h3 Ng6 18. Bg3 b6 19. Rhd1 Rac8 20. Nb3 $132) 15... Rc8 16. Nb3 (16. e4 $6 dxe4 (16... Ng6 17. Bxf6 Qxf6 18. e5 Qe6 19. g3 c5 20. f4 cxd4 21. Qxd4 Bxc3 (21... Bc5 22. Qd3 d4 23. Nce4 $14) 22. Rxc3 Rxc3 23. Qxc3 Qf5+ 24. Ka1 $14 (24. Qc2 Qxc2+ 25. Kxc2 $14)) (16... Ne6 17. Bxf6 (17. e5 g5 18. Bf2 (18. Bxg5 hxg5 19. exf6 Qxf6 20. Nb3 Nf4 $17) 18... Nh5 19. h4 Nhf4 20. Qf5 c5 21. hxg5 Qxg5 22. Qxg5+ hxg5 23. Nb3 cxd4 (23... c4 24. Na1 (24. Nd2 Nxg2 25. Nxd5 Bxd2 26. Rc2 Bf4 27. Nf6+ Kg7 28. Nxe8+ Rxe8 29. d5 Nf8 30. Rxc4 Bxe5 31. Bxa7 Nf4 $17) 24... Bxc3 25. Rxc3 Nxg2 $17) 24. Nxd4 Nxd4 25. Bxd4 Bxc3 26. Rxc3 $14) 17... Qxf6 18. e5 Qd8 19. g3 c5 20. Ne2 Nxd4 21. Nxd4 cxd4 22. f4 $11) 17. fxe4 Ng6 18. Bxf6 Qxf6 19. Rhf1 Qg5 20. g3 Rcd8 21. Rf5 Qe7 $132 (21... Ne5 22. Qe2 Qg4 23. Rxe5 Qxe2 24. Rxe8+ Rxe8 25. Nxe2 Bxd2 26. Rc2 Be3 27. e5 Rd8 28. Rc4 Kf8 29. Kc2 Ke7 (29... Bg5 30. Kd3 $14 (30. h4 Be7 31. Kd3 c5)) 30. Kd3 $16 {[%csl Re3]})) 16... b6 17. a3 Be7 18. Rhd1 (18. Rhe1 Ne6 $11) 18... Qd7 19. Bf2 Red8 20. e4 $6 (20. g4 c5 21. Qc2 $132) 20... dxe4 21. fxe4 c5 22. Qf3 c4 (22... cxd4 23. Nxd4 Ng6 24. Nf5 Qe6 25. Bd4 $36) 23. Na1 (23. Nd2 b5 $15 {[%csl Rd2]} (23... Ne6 24. e5 Ng5 25. Qe2 Qf5+ 26. Ka1 Nd5 27. Nxd5 Rxd5 28. Rxc4 $1 $16)) 23... b5 24. Nc2 a5 25. e5 (25. Bh4 Ng6 26. Bxf6 Bxf6 27. Nd5 Rc6 28. Rf1 Bg5 29. Nce3 Nh4 30. Qf2 Qe8 31. e5 Bxe3 32. Nxe3 Rxd4 33. Nc2 Re4 34. g3 Ng6 35. Nd4 Rc8 36. e6 fxe6 $19) 25... N6h7 $1 (25... Nd5 26. Nxd5 Qxd5 27. Qxd5 Rxd5 28. Ne3 Rd7 29. a4 $14) 26. d5 (26. Ne4 Ng6 (26... b4 27. Nc5 Bxc5 28. dxc5 Qb5 29. Rxd8 (29. Rd6 c3 $1 $17) 29... Rxd8 30. Nd4 Qa6 31. a4 Ng5 32. Qc6 Qxc6 33. Nxc6 Rd2 34. Bg3 Rxg2 35. Rxc4 Nf3 36. Ka2 $16 (36. Rc2 Nd2+ (36... Rg1+ 37. Ka2 Nd7 38. Nxa5 Ndxe5 39. c6 $18) 37. Kc1 Nb3+ 38. Kd1 Rg1+ 39. Ke2 Rg2+ 40. Kd3 Rxc2 41. Kxc2 Nxc5 42. Nxa5 Nxa4 43. Nc6 Ne6 44. Nxb4 Nd4+ 45. Kd3 Nf5 46. b3 Nc5+ 47. Kc4 Nxg3 48. Kxc5 Ne4+ 49. Kd4 Nd2 50. Kc3 Nf3 51. Nc6 Nxh2 52. b4 $18)) 27. Be1 Ng5 28. Nxg5 Bxg5 29. Bxa5 Bxc1 30. Bxd8 Bxb2 31. Ba5 c3 32. Rd3 $132) 26... b4 27. Ne4 c3 $17 28. b3 (28. axb4 cxb2 (28... axb4 29. Bb6) 29. Kxb2 axb4 30. Bb6 Re8 (30... b3 31. Qxb3 Rb8 32. Ne3 Ng5 33. d6 Nxe4 34. dxe7 Qxe7 35. Rxd8 Rxd8 36. Bxd8 Qxd8 $16) 31. Ne3 Ng5 32. Nxg5 Bxg5 33. Rxc8 Rxc8 34. Nc2 (34. Nf5 Qa4 35. Nd4 Rc3 $19) 34... Qa4 35. Qb3 Qb5 36. Bd4 Qe2 37. Qd3 Qxg2 $17) 28... Ng6 29. Qxf7+ $1 (29. Bb6 Ng5 30. Nxg5 Bxg5 31. Bxd8 Bxc1 32. Bxa5 Bxa3 33. e6 fxe6 34. Qg4 Nf8 35. d6 e5 36. Qe4 Qe6 37. Ka2 (37. Qd5 Rc5 38. Qxe6+ Nxe6 39. Bb6 (39. Bxb4 Bxb4 40. Nxb4 Rb5 41. Nc6 c2+ 42. Kxc2 Rc5+ 43. Kd3 Rxc6 44. Ke4 Rc2 45. d7 Rxg2 46. Kxe5 Kf7 47. Kd6 (47. d8=N+ Nxd8 48. Rxd8 Rxh2 $19) 47... Rf2 48. b4 Rf6 49. b5 Nd8+ 50. Kc7 Ke7 51. Re1+ Re6 52. Rg1 g5 53. Rg2 Re5 54. Rd2 Ne6+ 55. Kc6 Rc5+ 56. Kb6 Rc1 $19)) 37... Rc5 38. Bc7 (38. Bxb4 Bxb4 39. Qxb4 Nd7 40. g4 e4 41. h3 e3 42. Re1 Qd5 43. Nd4 (43. Rxe3 Ra5+ 44. Kb1 Qd1#) 43... c2 $19)) 29... Kxf7 30. e6+ Qxe6 31. dxe6+ Kxe6 32. axb4 Rxd1 33. Rxd1 axb4 $5 (33... Bxb4 $142 34. Bg3 (34. Nxb4 axb4 35. Rd4 c2+ 36. Kc1 Nf4 37. Rd2 Nxg2 38. Nc5+ Kf5 39. Kxc2 Nf6 $17) 34... Nf6 35. Nd4+ Kf7 (35... Kd5 36. Nxf6+ gxf6 37. Kc2 Ke4 38. Nb5 Ne5 39. Re1+ Kd5 40. Re3 $11) 36. Nxf6 gxf6 (36... Kxf6 37. Rf1+ Kg5 38. Ne6+ Kg4 39. Bc7 Re8 40. h3+ Kh4 41. Nxg7 Rc8 42. Rf7 Ne7 43. Ne6 Nd5 44. Rg7 Kh5 45. Kc2 Re8 46. Nd4 Ne3+ 47. Kd3 c2 48. Nxc2 Nxc2 49. Kxc2 $16) 37. Kc2 Re8 38. Be1 Nf4 39. Bxc3 Nxg2 $17) 34. Rd4 $5 {[%csl Rb4]} Ne5 (34... Rb8 35. Bg3 Ne5 36. Nf2 Nf6 37. Nd3 Nfd7 38. Ncxb4 $11) 35. Bg3 Nf6 $4 (35... Nc6 36. Rc4 Kd7 37. Nc5+ Bxc5 38. Rxc5 Nf6 39. Rb5 Ne4 40. Rb7+ (40. Nxb4 Nd2+ $19) 40... Ke6 41. Nxb4 Nd4 42. Nc2 Nd2+ 43. Kc1 N2xb3+ 44. Kd1 Nxc2 45. Kxc2 (45. Rxb3 Nd4 $19) 45... Nd4+ 46. Kd3 c2 47. Bf4 g5 48. Rb6+ Kf5 (48... Kf7 49. Bc1 Rd8 50. Ra6 Nc6+ 51. Kc3 Rc8 52. Rb6 Ne5+ 53. Kd4 Ng4 54. h3 Nf6 55. Kd3 Nd5 56. Rb2 Ke6 $17) 49. Bc1 Ne6 $17) 36. Bxe5 $11 Kxe5 37. Nf2 Rd8 38. Nd3+ Kf5 39. Ne3+ Ke6 40. Rxd8 Bxd8 41. Nxb4 Ba5 42. Na2 Nd5 1/2-1/2